000
00251nam a2200109Ia 4500
008
260210s9999 xx 000 0 und d
020
_a
9781788824200
100
_a
Farrell
245
0
_a
World Heritage Sites
260
_b
Ed-Tech Press
942
_c
BPLAN
999
_c
14235
_d
14235